| 000 | 00433nam a2200181Ia 4500 | ||
|---|---|---|---|
| 008 | 170918s9999 xx 000 0 und d | ||
| 020 | _a9780684801223 | ||
| 050 | _bH488ol 1980 | ||
| 100 | _aHemingway, Ernest | ||
| 245 | 4 | _aThe old man and the sea / | |
| 245 | _cby Ernest Hemingway. | ||
| 260 | _aUSA : | ||
| 260 | _bScribner : | ||
| 260 | _c1980 | ||
| 300 | _a127 pages : | ||
| 300 | _billustrations ; | ||
| 300 | _c17cm. | ||
| 999 |
_c343407 _d343407 |
||